[Event "Guaynabo 3rd"]
[Site "Guaynabo"]
[Date "2013.07.06"]
[Round "2"]
[White "Colon Melendez, Edgar L"]
[Black "Montanez Nazario, Robert"]
[Result "1-0"]
[WhiteElo "2219"]
[BlackElo "2127"]
[PlyCount "54"]
[EventDate "2013.07.05"]
[EventType "tourn"]
[EventRounds "9"]
[EventCountry "PUR"]
[SourceTitle "EXT 2014"]
[Source "ChessBase"]
[SourceDate "2013.11.20"]
[SourceVersion "1"]
[SourceVersionDate "2013.11.20"]
[SourceQuality "1"]

1. d4 Nf6 2. c4 e5 3. dxe5 Ne4 4. a3 d6 5. Nf3 Nc6 6. exd6 Bxd6 7. e3 Bg4 8. Nbd2 Nxd2 9. Bxd2 Be5 10. Qc2 Bxf3 11. gxf3 Qf6 12. f4 Bd6 13. Bc3 Qe7 14. Bxg7 Rg8 15. Qxh7 0-0-0 16. Qf5+ Kb8 17. Bf6 Qe8 18. Bxd8 Nd4 19. Qd3 Nf3+ 20. Ke2 Ng1+ 21. Rxg1 Rxg1 22. Bh4 Qh8 23. c5 Qh5+ 24. Ke1 Qxc5 25. Bg3 a6 26. Kd2 Qa5+ 27. Qc3 Qf5 1-0

[Event "Guaynabo 3rd"]
[Site "Guaynabo"]
[Date "2013.07.06"]
[Round "3"]
[White "Vazquez Maccarini, Danitza"]
[Black "Colon Melendez, Edgar L"]
[Result "0-1"]
[WhiteElo "1859"]
[BlackElo "2219"]
[PlyCount "112"]
[EventDate "2013.07.05"]
[EventType "tourn"]
[EventRounds "9"]
[EventCountry "PUR"]
[SourceTitle "EXT 2014"]
[Source "ChessBase"]
[SourceDate "2013.11.20"]
[SourceVersion "1"]
[SourceVersionDate "2013.11.20"]
[SourceQuality "1"]

1. e4 e5 2. Nf3 Nc6 3. Bb5 Nge7 4. c3 g6 5. d4 exd4 6. cxd4 a6 7. Ba4 b5 8. Bb3 Bg7 9. Nc3 0-0 10. 0-0 d6 11. h3 Na5 12. Bc2 c5 13. dxc5 dxc5 14. Bf4 Nc4 15. Qxd8 Rxd8 16. Bg5 Re8 17. Bxe7 Rxe7 18. Nd5 Rea7 19. e5 Bb7 20. Be4 Rd8 21. Ne7+ Kf8 22. Bxb7 Kxe7 23. b3 Rxb7 24. bxc4 b4 25. Rfd1 Rbd7 26. Rxd7+ Rxd7 27. Kf1 Rd3 28. Rc1 h6 29. Ke2 Ra3 30. Rc2 Ke6 31. Kd1 Bxe5 32. Re2 f6 33. Nxe5 fxe5 34. f4 Rd3+ 35. Ke1 Rd4 36. Rxe5+ Kd6 37. Re8 Rxf4 38. Ra8 Rxc4 39. Rxa6+ Ke5 40. Rxg6 Rc2 41. Rxh6 Rxg2 42. Ra6 Rh2 43. Kd1 Kd4 44. h4 Kd3 45. Kc1 Kc3 46. Kd1 Rxh4 47. Ra7 Rh2 48. Ra6 c4 49. Ra8 Rh1+ 50. Ke2 Rb1 51. Ra7 Kc2 52. Rc7 c3 53. Rb7 Rb2 54. Ke1 Kb1 55. Rg7 Kxa2 56. Rg1 Rb1+ 0-1

[Event "PUR-ch"]
[Site "Bayamon"]
[Date "2013.06.02"]
[Round "9"]
[White "Vazquez Reyes, Raul"]
[Black "Colon Melendez, Edgar L"]
[Result "1/2-1/2"]
[WhiteElo "2258"]
[BlackElo "2196"]
[PlyCount "96"]
[EventDate "2013.05.24"]
[EventType "swiss"]
[EventRounds "9"]
[EventCountry "PUR"]
[SourceTitle "CBM 154 Extra"]
[Source "ChessBase"]
[SourceDate "2013.06.25"]
[SourceVersion "2"]
[SourceVersionDate "2013.06.25"]
[SourceQuality "1"]

1. e4 e6 2. d4 d5 3. Nc3 Nf6 4. Bg5 dxe4 5. Nxe4 Nbd7 6. Nf3 Be7 7. Nxf6+ Bxf6 8. h4 h6 9. Be3 c5 10. c3 cxd4 11. Nxd4 Nb6 12. Nb5 Nd5 13. Bc5 Be7 14. Bxe7 Qxe7 15. c4 Nf6 16. Nd6+ Kf8 17. g3 Bd7 18. Bg2 Bc6 19. Bxc6 bxc6 20. Qd4 Rd8 21. 0-0-0 Ne8 22. c5 Nc7 23. Qa4 Nd5 24. Qxc6 Qd7 25. Qxd7 Rxd7 26. Rhe1 g6 27. Re4 Rc7 28. Rc4 a6 29. b4 Ke7 30. Kc2 Rb8 31. Kb3 Rxc5 32. Rxc5 Kxd6 33. a3 g5 34. hxg5 hxg5 35. Kc4 f5 36. Rdxd5+ exd5+ 37. Rxd5+ Ke6 38. Rc5 Rb6 39. a4 Rd6 40. Kc3 g4 41. b5 axb5 42. axb5 Rd1 43. Kb2 Rd2+ 44. Rc2 Rd5 45. Rc6+ Kd7 46. Rb6 Kc7 47. Rf6 Rxb5+ 48. Kc3 Kd7 1/2-1/2